LEADER 00964nam a2200229 i 4500 001 000000161836 003 CaOOAMICUS 005 20221214142124.0 008 070530s1973 it u000 u ita u 040 $aSeMil$bita 100 1 $aMemmo, Francesco Paolo,$d<1948- >.$0(OLS)http://semarc/name/42784 245 10$aVittorio Sereni /$cFrancesco Paolo Memmo. 264 1$aMilano :$bU. Mursia & C.,$c1973. 300 $a127 p., [1] c. di tav. ;$c21 cm. 490 1 $aCiviltà letteraria del Novecento. Profili ;$v28 600 14$aSereni, Vittorio <1913-1983>.$0(OLS)http://semarc/subject/15624 830 0$aCiviltà letteraria del Novecento. Profili ;$v28.$0(OLS)http://semarc/title/7820 850 $aSeMil 852 $aSeMil$W1$xVenegono$y1$m1O II 300$j235903$B113213$CSeMilBibl$Z2$F123790 $81 996 $6245$aVittorio Sereni$9(OLS)http://semarc/title/145181 996 $6264$aMilano :$bU. Mursia & C.$9(OLS)http://semarc/publisher/31860 LEADER 01058nam a2200241 i 4500 001 000000346417 003 CaOOAMICUS 005 20210604115509.0 008 210604s1963 it a u000 u ita u 013 $a173339 040 $aSeMil$bita 100 1 $aCeria, Eugenio.$0(OLS)http://semarc/name/10326 245 10$aSan Giovanni Bosco :$bnella vita e nelle opere /$cSac. Eugenio Ceria ; illustrazioni di G. B. Galizzi. 250 $a2. Ed. 264 1$aTorino :$bSocietà Editrice Internazionale,$cristampa 1963. 300 $a442 p., [40] carte di tav. :$bill. ;$c32 cm 600 14$aBosco, Giovanni .$0(OLS)http://semarc/subject/3727 700 1 $aGalizzi, Giovanni Battista.$0(OLS)http://semarc/name/61146 850 $aSeMil 852 $aSeMil$W1$xVenegono$y1$m3H VI 357$j227324$B237485$CSeMilBibl$Z2$F237485 $81 996 $6245$aSan Giovanni Bosco :$bnella vita e nelle opere$9(OLS)http://semarc/title/280748 996 $6264$aTorino :$bSocietà Editrice Internazionale$9(OLS)http://semarc/publisher/29847